| 000 | 01055nam a22002777a 4500 | ||
|---|---|---|---|
| 003 | OSt | ||
| 005 | 20241008075657.0 | ||
| 008 | 240919b |||||||| |||| 00| 0 eng d | ||
| 020 | _a9780323477321 (hardcover) | ||
| 040 |
_aNUST _beng _cNUST _dNUST _erda |
||
| 050 | _aRB46.6 DAB | ||
| 100 |
_aDabbs, David J _eAuthor _qDavid J. Dabbs |
||
| 245 |
_aDiagnostic immunohistochemistry : _btheranostic and genomic applications / _cDavid J.Dabbs |
||
| 250 | _aFifth edition. | ||
| 260 |
_aPhiladelphia, PA : _bSaunders/Elsevier, _c[2014] |
||
| 300 |
_axviii, 931 pages : _billustrations (chiefly color) ; _c29 cm. |
||
| 336 |
_2rdamedia _atext _btxt |
||
| 337 |
_2rdamedia _aunmediated _bn |
||
| 338 |
_2rdamedia _avolume _bnc |
||
| 504 | _aIncludes bibliographical references and index. | ||
| 650 | _vImmunohistochemistry -- methods. | ||
| 650 | _vDiagnostic Techniques and Procedures. | ||
| 650 | _vNeoplasms -- diagnosis. | ||
| 700 |
_aDabbs, David J _eauthor _qDavid J. Dabbs |
||
| 942 |
_2lcc _cBOOKS _eFifth edition. _hRB46.6 DAB _kRB _mDAB _n0 |
||
| 999 |
_c171044 _d171044 |
||